LIBRARY & INFORMATION CENTRE, KCAET, TAVANUR

ONLINE PUBLIC ACCESS CATALOGUE (OPAC)

Shakthi / (Record no. 11649)

MARC details
000 -LEADER
fixed length control field 00351cam a2200145ua 4500
041 ## - LANGUAGE CODE
Language code of text/sound track or separate title hin
082 ## - DEWEY DECIMAL CLASSIFICATION NUMBER
Classification number 891.43
Item number MYD/SH
100 ## - MAIN ENTRY--AUTHOR NAME
Personal name Mydhilee sharma gupth, .
245 ## - TITLE STATEMENT
Title Shakthi /
260 ## - PUBLICATION, DISTRIBUTION, ETC. (IMPRINT)
Place of publication :
Name of publisher sathiya sadan ,
Year of publication 1961.
300 ## - PHYSICAL DESCRIPTION
Number of Pages 16 ; .
942 ## - ADDED ENTRY ELEMENTS (KOHA)
Koha item type Books
Holdings
Withdrawn status Lost status Damaged status Home library Current library Date acquired Full call number Accession Number Koha item type Public note
Withdrawn     KAUAET Malayalam University 07/04/2012 891.43 6319 Books Transferred to Malayalam University
free website counter